Home Print Resources E-Books E-Journals IIMT Lecture Series Library Membership Form Book Recommendation Form Campus Tour Take AdmissionAbout Us Contact Us

INTERNATIONAL FINANCIAL ACOUNTING (Record no. 2623)

000 -LEADER
fixed length control field 00346nam a2200157Ia 4500
003 - CONTROL NUMBER IDENTIFIER
control field OSt
005 - DATE AND TIME OF LATEST TRANSACTION
control field 20240329163845.0
008 - FIXED-LENGTH DATA ELEMENTS--GENERAL INFORMATION
fixed length control field 170524s9999 xx 000 0 und d
020 ## - INTERNATIONAL STANDARD BOOK NUMBER
International Standard Book Number NIL
040 ## - CATALOGING SOURCE
Transcribing agency IIMT UNIVERSITY
100 ## - MAIN ENTRY--PERSONAL NAME
Personal name GUPTA RAKESH
100 ## - MAIN ENTRY--PERSONAL NAME
Titles and words associated with a name 2010
245 #0 - TITLE STATEMENT
Title INTERNATIONAL FINANCIAL ACOUNTING
260 ## - PUBLICATION, DISTRIBUTION, ETC.
Place of publication, distribution, etc. AB
942 ## - ADDED ENTRY ELEMENTS (KOHA)
Source of classification or shelving scheme
Koha item type Book Bank
Holdings
Withdrawn status Lost status Source of classification or shelving scheme Damaged status Not for loan Home library Current library Date acquired Barcode Date last seen Uniform Resource Identifier Price effective from Koha item type Coded location qualifier Public note Total Checkouts Date last checked out
          IIMT University Central Library Meerut IIMT University Central Library Meerut 05/31/2017 01-B-20323 05/31/2017 management 05/31/2017 Book Bank        
          IIMT University Central Library Meerut IIMT University Central Library Meerut 05/31/2017 01-B-20324 05/31/2017 management 05/31/2017 Book Bank Dept. MBA    
          IIMT University Central Library Meerut IIMT University Central Library Meerut 05/31/2017 01-B-20325 05/31/2017 management 05/31/2017 Book Bank        
          IIMT University Central Library Meerut IIMT University Central Library Meerut 05/31/2017 01-B-20326 05/31/2017 management 05/31/2017 Book Bank        
          IIMT University Central Library Meerut IIMT University Central Library Meerut 05/31/2017 01-B-20327 02/17/2021 management 05/31/2017 Book Bank     1 02/10/2021
IIMT, Central Library. All Rights Reserved IIMT,UNIVERSITY © 2023
Implemented and Customised by I CLOUDE EMS
You Are OPAC Visitor No
free web counter

Powered by Koha